Discursos leídos ante la Real Academia de Ciencias Exactas, Físicas y Naturales (Record no. 173213)
[ view plain ]
| 000 -LEADER | |
|---|---|
| campo de control de longitud fija | 02281nas a2200361 i 4500 |
| 001 - NÚMERO DE CONTROL | |
| campo de control | 173213 |
| 003 - IDENTIFICADOR DE NÚMERO DE CONTROL | |
| campo de control | ES-MaACL |
| 005 - FECHA Y HORA DE LA ÚLTIMA TRANSACCIÓN | |
| campo de control | 20250928125235.0 |
| 007 - CAMPO FIJO DE DESCRIPCIÓN FÍSICA--INFORMACIÓN GENERAL | |
| campo de control de longitud fija | t| |
| 008 - DATOS DE LONGITUD FIJA--INFORMACIÓN GENERAL | |
| campo de control de longitud fija | 091118c18931897sp a| | 1 ||pa d |
| 080 ## - NÚMERO DE LA CLASIFICACIÓN DECIMAL UNIVERSAL | |
| Número de la Clasificación Decimal Universal | 5 : 061.12(460) |
| 110 2# - ENTRADA PRINCIPAL--NOMBRE DE ENTIDAD CORPORATIVA | |
| Nombre de entidad corporativa o nombre de jurisdicción como elemento de entrada | Real Academia de Ciencias Exactas, Físicas y Naturales de España. |
| 9 (RLIN) | 175635 |
| 245 10 - MENCIÓN DEL TÍTULO | |
| Título | Discursos leídos ante la Real Academia de Ciencias Exactas, Físicas y Naturales |
| Fechas predominantes | 1893-1897. |
| 260 ## - PUBLICACIÓN, DISTRIBUCIÓN, ETC. | |
| Lugar de publicación, distribución, etc. | Madrid : |
| Nombre del editor, distribuidor, etc. | [s. n.], |
| Fecha de publicación, distribución, etc. | 1893 ( |
| Fabricante | Imp. de Luis Aguado) |
| 300 ## - DESCRIPCIÓN FÍSICA | |
| Extensión | 1 v. ; |
| Dimensiones | 26 cm. |
| 505 8# - NOTA DE CONTENIDO CON FORMATO | |
| Nota de contenido con formato | Contiene: T. IV: Concepto de la especia y sus límites naturales / Justo Egózcue y Cia (98 p.). Contestación / Daniel de Cortázar (p. 99-134). Reseña de los medios empleados / Eduardo Torroja y Caballé (72 p.). Contestación / Francisco de Paula Arrillaga (p. 73-96). Uso de las aguas en España / Amós Salvador (52). Contestación / José Echegaray (p. 53-76). Tendencias de la química moderna / Ricardo Becerro de Bengoa (52 p.). Contestación / Gabriel de la Puerta (p. 53-70). Lo invisible y lo desconocido / Juan Navarro Reverter (65 p.). Contestación / Manuel Becerra (p. 67-85). Importancia de la química en la construcción / Manuel Pardo (42 p.). Contestación / Alberto Bosch (p. 43-66). El concepto de las academias de ciencias, distinto según los tiempos y países / Práxedes Mateo Sagasta (32 p.). Contestación / Cipriano Segundo Montesino (p. 33-66). |
| 700 1# - ENTRADA AGREGADA--NOMBRE PERSONAL | |
| Nombre de persona | Echegaray, José, |
| Fechas asociadas al nombre | 1832-1916 |
| 9 (RLIN) | 46526 |
| 700 1# - ENTRADA AGREGADA--NOMBRE PERSONAL | |
| Nombre de persona | Becerra, Manuel, |
| Fechas asociadas al nombre | 1823-1896 |
| 9 (RLIN) | 26880 |
| 700 1# - ENTRADA AGREGADA--NOMBRE PERSONAL | |
| Nombre de persona | Egózcue y Cia, Justo. |
| 9 (RLIN) | 126916 |
| 700 1# - ENTRADA AGREGADA--NOMBRE PERSONAL | |
| Nombre de persona | Cortázar y Larrubia, Daniel de. |
| 9 (RLIN) | 40829 |
| 700 1# - ENTRADA AGREGADA--NOMBRE PERSONAL | |
| Nombre de persona | Torroja, Eduardo, |
| Fechas asociadas al nombre | 1847-1918 |
| 9 (RLIN) | 111056 |
| 700 1# - ENTRADA AGREGADA--NOMBRE PERSONAL | |
| Nombre de persona | Arrillaga y de Garro, Francisco de Paula, |
| Fechas asociadas al nombre | 1846-1920 |
| 9 (RLIN) | 125722 |
| 700 1# - ENTRADA AGREGADA--NOMBRE PERSONAL | |
| Nombre de persona | Salvador y Rodrigáñez, Amós, |
| Fechas asociadas al nombre | 1845-1922 |
| 9 (RLIN) | 102102 |
| 700 1# - ENTRADA AGREGADA--NOMBRE PERSONAL | |
| Nombre de persona | Becerro de Bengoa, Ricardo, |
| Fechas asociadas al nombre | 1845-1902 |
| 9 (RLIN) | 26893 |
| 700 1# - ENTRADA AGREGADA--NOMBRE PERSONAL | |
| Nombre de persona | Puerta, Gabriel de la. |
| 9 (RLIN) | 131407 |
| 700 1# - ENTRADA AGREGADA--NOMBRE PERSONAL | |
| Nombre de persona | Navarro Reverter, Juan, |
| Fechas asociadas al nombre | 1844-1924 |
| 9 (RLIN) | 85166 |
| 700 1# - ENTRADA AGREGADA--NOMBRE PERSONAL | |
| Nombre de persona | Pardo, Manuel. |
| 9 (RLIN) | 130845 |
| 700 1# - ENTRADA AGREGADA--NOMBRE PERSONAL | |
| Nombre de persona | Bosch, Alberto, |
| Fechas asociadas al nombre | 1848-1900 |
| 9 (RLIN) | 126090 |
| 700 1# - ENTRADA AGREGADA--NOMBRE PERSONAL | |
| Nombre de persona | Mateo Sagasta, Práxedes, |
| Fechas asociadas al nombre | 1825-1903 |
| 9 (RLIN) | 101421 |
| 700 1# - ENTRADA AGREGADA--NOMBRE PERSONAL | |
| Nombre de persona | Montesino, Cipriano Segundo, |
| Fechas asociadas al nombre | 1817-1901 |
| 9 (RLIN) | 132635 |
| 852 ## - LOCALIZACIÓN | |
| Ubicación | ES-MaACL |
| Número de control de estantería | K-206 |
| Estatus retirado | Estado de pérdida | Estado de daño | No para préstamo | Colección | Biblioteca de origen | Biblioteca actual | Ubicación en estantería | Fecha de adquisición | Total de préstamos | Signatura topográfica completa | Código de barras | Visto por última vez | Precio de reemplazo | Tipo de ítem Koha |
|---|---|---|---|---|---|---|---|---|---|---|---|---|---|---|
| Periódicos y Revistas | Biblioteca del Ateneo de Madrid | Biblioteca del Ateneo de Madrid | Administración | 18/11/2009 | K-206 | 1181751 | 23/02/2023 | 23/02/2023 | Revista |
